000 01322nac a22003611i 4500
003 EG-ScBUE
005 20241009090532.0
006 m||||fq||h 00| 0
008 241009t2004 nyua f 001 0 eng d
020 _a0471433322 (acid-free paper)
020 _a9780471433323
040 _aEG-ScBUE
_beng
_erda
_cEG-ScBUE
_dEG-ScBUE
082 0 4 _a515.35
_bBOR
_222
100 1 _aBorrelli, Robert L.,
_eauthor.
245 1 0 _aDifferential equations :
_ba modeling perspective /
_cRobert L. Borrelli, Courtney S. Coleman.
250 _aSecond edition.
264 1 _aNew York :
_bJohn Wiley & Sons, Inc.,
_c[2004]
264 4 _cc2004
300 _axii, 718 pages :
_billustrations (some color) ;
_c27 cm +
_e1 CD
336 _2rdacontent
_atext
_btxt
336 _2rdacontent
_asounds
_bsnd
337 _aunmediated
_2rdamedia
_bn
337 _aaudio
_2rdamedia
_bs
338 _avolume
_bnc
_2rdacarrier
338 _acomputer disc
_bcd
_2rdacarrier
500 _aIncludes index.
650 7 _aDifferential equations.
_2BUEsh
655 _vReading book
700 1 _aColeman, Courtney S.,
_d1930-
_eauthor.
856 4 2 _3Publisher description
_uhttp://www.loc.gov/catdir/description/wiley041/2004533274.html
856 4 2 _3Table of contents
_uhttp://www.loc.gov/catdir/toc/wiley041/2004533274.html
942 _cBB
_2ddc
999 _c1263
_d1263